000 02128nam0a2200385 i 4500
001 RU\NLR\BIBL_A\011132000
005 20260408073615.0
021 _aRU
_b2016-31234
_92016
029 1 0 _aRU
_b56547-2015
_cГОСТ Р
035 _a(NLR Aleph) 011132000
090 _a11572958
_c11572958
100 _a20160519d2016 k y0rusy50 ca
101 0 _arus
102 _aRU
105 _ay l 000|y
200 1 _aРоссийское качество
_iКоньяки особые
_eОбщие технические условия
_dRussian quality. Brandy special. General specifications
_zeng
_eГОСТ Р 56547-2015
_fразраб. Федер. гос. бюджет. науч. учреждением "Всерос. науч.-исслед. ин-т пивоварен., безалкогол. и винодел. пром-сти" (ФГБНУ ВНИИПБиВП)
205 _aИзд. офиц.
210 _aМосква
_cСтандартинформ
_d2016
215 _aII, 5, [1] с.
_d29
225 1 _aНациональный стандарт Российской Федерации
_fФедер. агентство по техн. регулированию и метрологии
239 _aВвед. 01.01.2017
320 _aБиблиогр. в конце текста (5 назв.)
510 1 _aRussian quality
_zeng
510 1 _aBrandy special. General specifications
_zeng
517 1 _aГОСТ Р 56547-2015
606 _aКоньяки
_jТехнические условия
_91404650
_3RU\NLR\AUTH\66591377
675 _a663.5.002:006.354
686 _a67.160.10
_v2000
_2oks
686 1 _aЛ874.6я863
712 0 2 _4900
_aВсероссийский НИИ пивоваренной, безалкогольной и винодельческой промышленности
_9539926
_3RU\NLR\AUTH\880437851
712 0 1 _4725
_aРоссийская Федерация
_bФедеральное агентство по техническому регулированию и метрологии
_3RU\NLR\AUTH\8810064304
_9630205
942 _cBOOK
980 _aNBR